000 00446nam a2200181Ia 4500
001 24512
005 20260414151048.0
008 260414t2001||||xx |||||||||||||| ||spa||
041 _aESP
082 _a345.71
_bT38 V. 3
100 _aAlcalá Zamora, Niceto
_eAUT
245 0 _aEstudios de teoría e historia del proceso
_b
260 _c2001
300 _a
_c28 cm.
650 _aDER
654 _aCDE
942 _cLIB
_dJUS
_fJUS
_2ddc
_n
999 _c24512
_d24512